000 003610000a22001450004500
003 MACL
040 _aMACL
090 _c1869
_d1869
100 _aRay, Namendra Narayan
245 _aEarly Vedantic Thought From The Upanisads To The Brahmasutra
260 _aCalcutta
_bNamendra Narayan Ray
_c1999
350 _a160
650 _aReligion
942 _cBOOK
_k294.592
999 _c1856
_d1856